| 000 | 00813nam a2200229 a 4500 | ||
|---|---|---|---|
| 001 | 12975 | ||
| 003 | BD-JhCC | ||
| 005 | 20230608083738.0 | ||
| 008 | 230608s2019 b |||| |||| 000 0 be d | ||
| 020 | _a978984931456 | ||
| 035 | _a(BD-JhCC)12975 | ||
| 040 |
_aBD-JhCC _dBD-JhCC |
||
| 041 | _aeng | ||
| 082 |
_a302.2 _bHAM 2019 |
||
| 100 | _aআবদুল হামিদ, মো: | ||
| 245 |
_aস্বপ্ন জয়ের ইচ্ছা : _bরাষ্ট্রপতির ভাষণ সংকলন (২০১৩-২০১৫) / |
||
| 260 |
_aঢাকা : _bগৌরব প্রকাশন, _c২০১৯ |
||
| 300 |
_a৩৬৪ পৃ. : _c২২ সেমি. _bচিত্রাবলী সংযোজিত; |
||
| 600 | _aAbdul Hamid, Md. | ||
| 650 | _aSpeech | ||
| 942 |
_2ddc _cBK |
||
| 999 |
_c12975 _d12975 |
||